[Event "PokerStars Masters 2nd"]
[Site "Douglas"]
[Date "2015.10.08"]
[Round "6.5"]
[White "Short, Nigel D"]
[Black "Movsesian, Sergei"]
[Result "1-0"]
[WhiteElo "2678"]
[BlackElo "2658"]
[PlyCount "211"]
[EventDate "2015.10.03"]
[EventType "swiss"]
[EventRounds "9"]
[EventCountry "IOM"]
[SourceTitle "twic1065-1099"]
[Source "Mark Crowther"]
[SourceDate "2015.12.04"]
[SourceVersion "1"]
[SourceVersionDate "2015.12.04"]
[SourceQuality "1"]

1. e4 c5 2. Nf3 e6 3. b3 a6 4. Bb2 d5 5. exd5 exd5 6. Bd3 Bg4 7. O-O Ne7 8. Re1
Nbc6 9. h3 Bh5 10. Nc3 Qd6 11. Bf5 d4 12. Ne4 Qf4 13. g4 Bg6 14. Nh4 Bxf5 15.
Nxf5 Kd8 16. Nfg3 Ng6 17. Nh5 Qc7 18. c3 Nf4 19. Qf3 Ne6 20. Rac1 Rc8 21. Neg3
Qd7 22. Nf5 Kc7 23. cxd4 cxd4 24. Nf4 Kb8 25. Nxe6 fxe6 26. Nxd4 Nxd4 27. Qf4+
Bd6 28. Qxd4 g6 29. Kg2 Rhd8 30. Rxc8+ Rxc8 31. Qe4 Bc7 32. Qxe6 Qxd2 33. Re2
Qd3 34. Be5 Bxe5 35. Qxe5+ Ka8 36. Qe4 Qd1 37. Re1 Qd2 38. a4 Rf8 39. Re2 Qd6
40. Re3 Rf4 41. Rd3 Qc7 42. Qe8+ Ka7 43. Rd8 Rb4 44. Ra8+ Kb6 45. Rc8 Qd6 46.
Qe3+ Qd4 47. Qe6+ Ka7 48. Rc4 Rxc4 49. Qxc4 Qe5 50. b4 Kb8 51. a5 Qd6 52. Qc5
Qe6 53. Kg3 Qe1 54. h4 Ka8 55. Qd4 Qe7 56. Qc5 Qd8 57. f3 Qd1 58. Qc8+ Ka7 59.
Qc3 Ka8 60. Kf4 Qd8 61. Kg3 Qd1 62. Qe3 Qd6+ 63. Qf4 Qd1 64. Qe4 Qd6+ 65. f4 h6
66. Kh3 Qd1 67. f5 Qf1+ 68. Kg3 Qg1+ 69. Kf4 Qh2+ 70. Ke3 Qg1+ 71. Ke2 Qh2+ 72.
Kd3 Qg3+ 73. Kd2 Qf2+ 74. Kc3 Qg3+ 75. Kc2 Qf2+ 76. Kc3 Qg3+ 77. Kc4 Qc7+ 78.
Kd5 Qd7+ 79. Kc4 Qc7+ 80. Kd4 Qd6+ 81. Qd5 Qf4+ 82. Kd3 Qg3+ 83. Kc2 Qf2+ 84.
Qd2 Qxh4 85. fxg6 Qxg4 86. Qd8+ Ka7 87. Qb6+ Ka8 88. Qd8+ Ka7 89. Qf6 Qc4+ 90.
Kd1 Qd3+ 91. Ke1 Qe3+ 92. Kf1 Qd3+ 93. Kf2 Qd2+ 94. Kf3 Qd1+ 95. Ke4 Qg4+ 96.
Ke5 Qg3+ 97. Ke6 Qb3+ 98. Kd7 h5 99. g7 h4 100. Qf2+ Ka8 101. Qf8+ Ka7 102.
g8=Q Qa4+ 103. Kd8 Qd1+ 104. Ke7 Qe1+ 105. Qe6 Qxb4+ 106. Kf7 1-0

[Event "PokerStars Masters 2nd"]
[Site "Douglas"]
[Date "2015.10.08"]
[Round "6.6"]
[White "Tiviakov, Sergei"]
[Black "Sengupta, Deep"]
[Result "1/2-1/2"]
[WhiteElo "2612"]
[BlackElo "2580"]
[PlyCount "70"]
[EventDate "2015.10.03"]
[EventType "swiss"]
[EventRounds "9"]
[EventCountry "IOM"]
[SourceTitle "twic1065-1099"]
[Source "Mark Crowther"]
[SourceDate "2015.12.04"]
[SourceVersion "1"]
[SourceVersionDate "2015.12.04"]
[SourceQuality "1"]

1. e4 e6 2. d4 d5 3. Nd2 Nf6 4. e5 Nfd7 5. c3 c5 6. Bd3 Nc6 7. Ne2 cxd4 8. cxd4
f6 9. exf6 Nxf6 10. O-O Bd6 11. Nf3 Qc7 12. Bg5 O-O 13. Rc1 Bd7 14. Re1 Rac8
15. a3 h6 16. Bh4 Be8 17. Bg3 Bh5 18. Ne5 Bxe5 19. dxe5 Ne4 20. Bxe4 dxe4 21.
Qd6 Bxe2 22. Qxc7 Rxc7 23. Rxe2 Rd8 24. h4 Rd4 25. Rce1 Ne7 26. Bf4 Nd5 27.
Rxe4 Rxe4 28. Rxe4 Rc2 29. Be3 Nxe3 30. Rxe3 Rxb2 31. h5 a5 32. Rc3 a4 33. Rc8+
Kf7 34. Rc7+ Kf8 35. Rc8+ Kf7 1/2-1/2

[Event "PokerStars Masters 2nd"]
[Site "Douglas"]
[Date "2015.10.08"]
[Round "6.9"]
[White "Kuzubov, Yuriy"]
[Black "Sundararajan, Kidambi"]
[Result "1-0"]
[WhiteElo "2641"]
[BlackElo "2497"]
[PlyCount "107"]
[EventDate "2015.10.03"]
[EventType "swiss"]
[EventRounds "9"]
[EventCountry "IOM"]
[SourceTitle "twic1065-1099"]
[Source "Mark Crowther"]
[SourceDate "2015.12.04"]
[SourceVersion "1"]
[SourceVersionDate "2015.12.04"]
[SourceQuality "1"]

1. c4 e5 2. Nc3 Nc6 3. Nf3 g6 4. d4 exd4 5. Nxd4 Bg7 6. Nxc6 bxc6 7. g3 d6 8.
Bg2 Bd7 9. O-O Ne7 10. e4 O-O 11. c5 Be6 12. cxd6 cxd6 13. Bf4 d5 14. Qc2 c5
15. exd5 Nxd5 16. Rad1 Bd4 17. Bh6 Re8 18. Nb5 Nb4 19. Qa4 Rb8 20. Nxd4 cxd4
21. a3 Bd7 22. Qxa7 Nc6 23. Qc5 Qf6 24. Rfe1 Ne5 25. h4 Bg4 26. Bf4 Bxd1 27.
Bxe5 Qf5 28. Qxd4 Rbd8 29. Qc3 Rd3 30. Bf4 Rxe1+ 31. Qxe1 Ba4 32. Qb4 Qb5 33.
Qe4 Rd1+ 34. Kh2 Qe8 35. Qc4 Bd7 36. Be3 Rd6 37. Qb4 Re6 38. Bd5 Ra6 39. Qd4
Qe7 40. Bg5 Qf8 41. Bd2 Qg7 42. Qb4 Qf8 43. Qc4 Ra4 44. Bb4 Qe8 45. b3 Ra7 46.
Qd4 Ra6 47. Bc3 Kf8 48. Bc4 Rc6 49. Bb5 Qe6 50. Qh8+ Ke7 51. Bb4+ Rd6 52. Bxd7
Kxd7 53. Bxd6 Kxd6 54. Qd4+ 1-0

[Event "PokerStars Masters 2nd"]
[Site "Douglas"]
[Date "2015.10.08"]
[Round "6.10"]
[White "Donchenko, Alexander"]
[Black "Houska, Jovanka"]
[Result "1-0"]
[WhiteElo "2577"]
[BlackElo "2372"]
[PlyCount "61"]
[EventDate "2015.10.03"]
[EventType "swiss"]
[EventRounds "9"]
[EventCountry "IOM"]
[SourceTitle "twic1065-1099"]
[Source "Mark Crowther"]
[SourceDate "2015.12.04"]
[SourceVersion "1"]
[SourceVersionDate "2015.12.04"]
[SourceQuality "1"]

1. d4 d5 2. c4 e6 3. Nf3 Nf6 4. g3 Bb4+ 5. Bd2 Bd6 6. Nc3 O-O 7. Bg5 c6 8. Bg2
Nbd7 9. e4 dxe4 10. Nxe4 Qa5+ 11. Bd2 Bb4 12. Nc3 Qc7 13. O-O Re8 14. Rc1 Bf8
15. Re1 h6 16. Bf4 Bd6 17. Ne5 Qb8 18. b4 g5 19. Nxd7 Bxd7 20. Be5 Nh7 21. Qh5
Bxe5 22. dxe5 Kg7 23. h4 f5 24. hxg5 hxg5 25. Ne4 Qd8 26. Rcd1 fxe4 27. Bxe4
Nf8 28. Kg2 Qe7 29. Rh1 Red8 30. Qh8+ Kf7 31. Rh6 1-0

[Event "PokerStars Masters 2nd"]
[Site "Douglas"]
[Date "2015.10.08"]
[Round "6.11"]
[White "Rambaldi, Francesco"]
[Black "Afek, Yochanan"]
[Result "1-0"]
[WhiteElo "2547"]
[BlackElo "2252"]
[PlyCount "71"]
[EventDate "2015.10.03"]
[EventType "swiss"]
[EventRounds "9"]
[EventCountry "IOM"]
[SourceTitle "twic1065-1099"]
[Source "Mark Crowther"]
[SourceDate "2015.12.04"]
[SourceVersion "1"]
[SourceVersionDate "2015.12.04"]
[SourceQuality "1"]

1. b3 e5 2. Bb2 Nc6 3. e3 Nf6 4. Bb5 Bd6 5. Na3 Be7 6. Nc4 d6 7. Bxc6+ bxc6 8.
Ne2 O-O 9. d3 Nd7 10. O-O Nb6 11. f4 Nxc4 12. bxc4 Rb8 13. Rb1 Bg4 14. fxe5
dxe5 15. h3 Bxe2 16. Qxe2 f6 17. Bc3 Rb6 18. d4 exd4 19. exd4 c5 20. d5 Bd6 21.
a4 Qe8 22. Qd3 Rxb1 23. Rxb1 Qxa4 24. Ra1 Qe8 25. Rxa7 Qh5 26. Ra1 Re8 27. Re1
Rxe1+ 28. Bxe1 Qe5 29. Kf1 Kf7 30. Bf2 g6 31. Qa3 Qf4 32. Qd3 h5 33. Ke2 f5 34.
Be1 Qe5+ 35. Kd1 Qa1+ 36. Kd2 1-0

[Event "PokerStars Masters 2nd"]
[Site "Douglas"]
[Date "2015.10.08"]
[Round "6.12"]
[White "Swayams, Mishra"]
[Black "Hillarp Persson, Tiger"]
[Result "1-0"]
[WhiteElo "2444"]
[BlackElo "2546"]
[PlyCount "117"]
[EventDate "2015.10.03"]
[EventType "swiss"]
[EventRounds "9"]
[EventCountry "IOM"]
[SourceTitle "twic1065-1099"]
[Source "Mark Crowther"]
[SourceDate "2015.12.04"]
[SourceVersion "1"]
[SourceVersionDate "2015.12.04"]
[SourceQuality "1"]

1. d4 Nf6 2. c4 g6 3. Nc3 Bg7 4. e4 d6 5. Nf3 O-O 6. Be2 e5 7. O-O Nc6 8. d5
Ne7 9. Ne1 Ne8 10. Be3 f5 11. f3 Kh8 12. c5 Ng8 13. a4 Bh6 14. Bxh6 Nxh6 15.
Nd3 f4 16. a5 a6 17. b4 g5 18. cxd6 Qxd6 19. Na4 Nf6 20. Nab2 Nf7 21. Qc2 Bd7
22. Rfc1 Rac8 23. Qc5 Bb5 24. Nc4 Qd8 25. Ra2 Bxc4 26. Qxc4 c6 27. Rac2 Nd6 28.
Qa2 cxd5 29. Rxc8 Nxc8 30. Nxe5 Qe7 31. Qb2 dxe4 32. fxe4 Nd6 33. Bf3 Qg7 34.
Qd4 Nb5 35. Qc5 Re8 36. h3 h5 37. Rd1 Kg8 38. Be2 Qe7 39. Bxb5 axb5 40. Nd7
Nxe4 41. Qxb5 Kg7 42. Qxb7 Nc3 43. Rd3 Ne2+ 44. Kh1 g4 45. a6 Ng3+ 46. Kh2 Nf5
47. hxg4 hxg4 48. Ne5 g3+ 49. Kh3 Kf6 50. Qc6+ Qe6 51. Qxe6+ Kxe6 52. Ng6 Kf6
53. Kg4 Kxg6 54. b5 Re1 55. a7 Rf1 56. Rf3 Ra1 57. b6 Nd6 58. Rxf4 Ra6 59. Rf8
1-0

[Event "PokerStars Masters 2nd"]
[Site "Douglas"]
[Date "2015.10.08"]
[Round "6.13"]
[White "Jones, Gawain C"]
[Black "Lampert, Jonas"]
[Result "1-0"]
[WhiteElo "2623"]
[BlackElo "2461"]
[PlyCount "87"]
[EventDate "2015.10.03"]
[EventType "swiss"]
[EventRounds "9"]
[EventCountry "IOM"]
[SourceTitle "twic1065-1099"]
[Source "Mark Crowther"]
[SourceDate "2015.12.04"]
[SourceVersion "1"]
[SourceVersionDate "2015.12.04"]
[SourceQuality "1"]

1. c4 e6 2. g3 d5 3. Bg2 dxc4 4. Qa4+ c6 5. Qxc4 b5 6. Qc2 Bb7 7. Nc3 a6 8. a4
Nd7 9. Nf3 Ngf6 10. O-O Be7 11. d4 Rc8 12. Ne5 Qb6 13. Rd1 O-O 14. Nxd7 Nxd7
15. Be3 b4 16. d5 Bc5 17. a5 Qa7 18. dxe6 Ne5 19. e7 Rfe8 20. Nb5 cxb5 21. Bxc5
Bxg2 22. Bxa7 Rxc2 23. Kxg2 f6 24. Rac1 Rxe2 25. Rc7 Kf7 26. Bc5 Nc4 27. Rd8
R8xe7 28. Bxe7 Rxe7 29. Rdd7 Rxd7 30. Rxd7+ Ke8 31. Ra7 Nxb2 32. Rxa6 Nc4 33.
Ra8+ Kd7 34. a6 b3 35. Rb8 Nd6 36. a7 b2 37. a8=Q b1=Q 38. Rg8 b4 39. Rxg7+ Ke6
40. Qg8+ Ke5 41. Re7+ Kd4 42. Qd8 Kd5 43. Qa8+ Kd4 44. Qc6 1-0

[Event "PokerStars Masters 2nd"]
[Site "Douglas"]
[Date "2015.10.08"]
[Round "6.14"]
[White "Fridman, Daniel"]
[Black "Tan, Justin"]
[Result "1/2-1/2"]
[WhiteElo "2649"]
[BlackElo "2445"]
[PlyCount "103"]
[EventDate "2015.10.03"]
[EventType "swiss"]
[EventRounds "9"]
[EventCountry "IOM"]
[SourceTitle "twic1065-1099"]
[Source "Mark Crowther"]
[SourceDate "2015.12.04"]
[SourceVersion "1"]
[SourceVersionDate "2015.12.04"]
[SourceQuality "1"]

1. d4 d5 2. c4 c6 3. Nf3 Nf6 4. e3 Bg4 5. h3 Bxf3 6. Qxf3 e6 7. a3 Nbd7 8. Nc3
Bd6 9. g4 O-O 10. h4 e5 11. g5 Ne4 12. Nxe4 dxe4 13. Qxe4 exd4 14. Qxd4 Nc5 15.
Qd1 Qe7 16. Qc2 Rfd8 17. Bd2 b5 18. Bg2 bxc4 19. Qxc4 Rab8 20. Bc3 Be5 21. O-O
Bxc3 22. Qxc3 Na4 23. Qxc6 Nxb2 24. Rfc1 Nd3 25. Rc2 h6 26. Qe4 Qf8 27. Rc3 Nc5
28. Qf5 Ne6 29. g6 Rb6 30. Bd5 Rbd6 31. e4 Qe7 32. Rg3 Qxh4 33. gxf7+ Kh8 34.
Qg6 Qf4 35. Bxe6 Qe5 36. Rb1 Rxe6 37. Qg4 Re7 38. Qg6 Rf8 39. Rf3 Qc7 40. Kg2
Rexf7 41. Rxf7 Rxf7 42. Rb8+ Qxb8 43. Qxf7 Qe5 44. Qxa7 Qxe4+ 45. f3 Qe2+ 46.
Qf2 Qc4 47. Qe3 Qc2+ 48. Kg3 Qg6+ 49. Kf2 Qc2+ 50. Kg1 Qb1+ 51. Kh2 Qc2+ 52.
Kg1 1/2-1/2

[Event "PokerStars Masters 2nd"]
[Site "Douglas"]
[Date "2015.10.08"]
[Round "6.15"]
[White "Neelotpal, Das"]
[Black "L'Ami, Erwin"]
[Result "0-1"]
[WhiteElo "2465"]
[BlackElo "2619"]
[PlyCount "104"]
[EventDate "2015.10.03"]
[EventType "swiss"]
[EventRounds "9"]
[EventCountry "IOM"]
[SourceTitle "twic1065-1099"]
[Source "Mark Crowther"]
[SourceDate "2015.12.04"]
[SourceVersion "1"]
[SourceVersionDate "2015.12.04"]
[SourceQuality "1"]

1. d4 f5 2. g3 Nf6 3. Bg2 g6 4. c4 Bg7 5. Nf3 O-O 6. O-O d6 7. Nc3 c6 8. Rb1
Na6 9. Qc2 Nc7 10. Rd1 h6 11. b4 Qe8 12. b5 cxb5 13. Nxb5 Nxb5 14. Rxb5 Bd7 15.
Rxb7 Ba4 16. Qd3 Bxd1 17. Qxd1 Ne4 18. Qd3 Rb8 19. Rxa7 Ra8 20. Rxa8 Qxa8 21.
Qc2 Qa5 22. Bf1 Ra8 23. a3 Qc3 24. Qxc3 Nxc3 25. e3 e5 26. Bd2 Rxa3 27. c5 dxc5
28. dxc5 Ne4 29. c6 Nxd2 30. Nxd2 Ra7 31. e4 Kf7 32. Bc4+ Kf6 33. Nf1 f4 34.
Nd2 Bf8 35. Kg2 Bd6 36. Bd5 g5 37. h3 Bc7 38. Nb3 Ra2 39. Nc5 Rc2 40. Nd7+ Ke7
41. Kf3 h5 42. gxf4 Rc3+ 43. Kg2 exf4 44. f3 Rc2+ 45. Kg1 Kd6 46. Nf6 Bb6+ 47.
Kf1 Bd4 48. Nxh5 Rh2 49. Bf7 Kxc6 50. h4 Rxh4 51. Kg2 Kd7 52. Bg6 Ke7 0-1

[Event "PokerStars Masters 2nd"]
[Site "Douglas"]
[Date "2015.10.08"]
[Round "6.16"]
[White "Paehtz, Elisabeth"]
[Black "Timman, Jan H"]
[Result "1/2-1/2"]
[WhiteElo "2447"]
[BlackElo "2562"]
[PlyCount "80"]
[EventDate "2015.10.03"]
[EventType "swiss"]
[EventRounds "9"]
[EventCountry "IOM"]
[SourceTitle "twic1065-1099"]
[Source "Mark Crowther"]
[SourceDate "2015.12.04"]
[SourceVersion "1"]
[SourceVersionDate "2015.12.04"]
[SourceQuality "1"]

1. d4 Nf6 2. c4 e6 3. g3 Bb4+ 4. Nd2 c5 5. a3 Bxd2+ 6. Qxd2 cxd4 7. Nf3 d5 8.
cxd5 Qxd5 9. Qxd4 Qb5 10. Qe5 Qd7 11. Bh6 Nc6 12. Qg5 Rg8 13. Bxg7 Ne4 14. Qh6
f5 15. Qh5+ Qf7 16. Qxf7+ Kxf7 17. Be5 Rd8 18. Bg2 Rd5 19. Bf4 Rb5 20. Bc1 a5
21. O-O e5 22. Rd1 Be6 23. Ng5+ Nxg5 24. Bxg5 Rg8 25. Bxc6 bxc6 26. Bd2 Rxb2
27. Bxa5 Rxe2 28. Rab1 Bd5 29. Rb7+ Kg6 30. Re1 Rxe1+ 31. Bxe1 Ra8 32. Bb4 h5
33. f4 exf4 34. gxf4 h4 35. Kf2 Rg8 36. Be7 Rg7 37. a4 Kh5 38. a5 Rg2+ 39. Ke3
Bc4 40. Bxh4 Rxh2 1/2-1/2

[Event "PokerStars Masters 2nd"]
[Site "Douglas"]
[Date "2015.10.08"]
[Round "6.17"]
[White "Brunello, Sabino"]
[Black "Hamitevici, Vladimir"]
[Result "1/2-1/2"]
[WhiteElo "2553"]
[BlackElo "2439"]
[PlyCount "158"]
[EventDate "2015.10.03"]
[EventType "swiss"]
[EventRounds "9"]
[EventCountry "IOM"]
[SourceTitle "twic1065-1099"]
[Source "Mark Crowther"]
[SourceDate "2015.12.04"]
[SourceVersion "1"]
[SourceVersionDate "2015.12.04"]
[SourceQuality "1"]

1. d4 Nf6 2. c4 e6 3. Nc3 Bb4 4. e3 O-O 5. Bd3 d5 6. cxd5 exd5 7. Nge2 Re8 8.
O-O Bd6 9. Nf4 Bxf4 10. exf4 Nc6 11. Bc2 Ne7 12. h3 Bf5 13. Bxf5 Nxf5 14. g4
Nd6 15. f5 Nfe4 16. Ne2 Qh4 17. Kg2 Ng5 18. Ng1 Re7 19. Qd3 Rae8 20. Bf4 Re4
21. Bg3 Qh6 22. f4 Nxh3 23. Nxh3 Re2+ 24. Bf2 R8e3 25. Qxe3 Rxe3 26. Bxe3 Qh4
27. Nf2 Ne4 28. Nxe4 dxe4 29. Rf2 Qxg4+ 30. Kf1 Qh3+ 31. Ke2 Qxf5 32. Rc1 Qb5+
33. Ke1 c6 34. a3 h5 35. Rc5 Qd3 36. Rc3 Qb1+ 37. Bc1 g6 38. Rg2 Kf8 39. Kd1
Qa2 40. Rg5 Qe6 41. Kc2 h4 42. Kb1 Qd7 43. Be3 Qh3 44. Bc1 Qh1 45. Rc2 h3 46.
Rg3 f5 47. Re2 Kf7 48. b3 Kf6 49. Kc2 g5 50. Rxg5 Qf3 51. Re3 h2 52. Rxf3 exf3
53. Rh5 f2 54. Rxh2 f1=Q 55. Rh7 Qg2+ 56. Bd2 Qe4+ 57. Kc3 Ke6 58. Rxb7 c5 59.
d5+ Qxd5 60. Rh7 Qd4+ 61. Kc2 c4 62. Rh3 Kd5 63. bxc4+ Qxc4+ 64. Rc3 Qa4+ 65.
Kb2 Qd1 66. Bc1 a5 67. Rc2 Qd4+ 68. Ka2 Qa4 69. Rh2 Kc4 70. Kb1 Qb3+ 71. Ka1 a4
72. Ra2 Qd1 73. Kb1 Kc3 74. Rb2 Qd3+ 75. Ka1 Qd1 76. Kb1 Kd3 77. Ra2 Qb3+ 78.
Rb2 Qd1 79. Ra2 Qb3+ 1/2-1/2

[Event "PokerStars Masters 2nd"]
[Site "Douglas"]
[Date "2015.10.08"]
[Round "6.18"]
[White "Williams, Simon Kim"]
[Black "Van Foreest, Jorden"]
[Result "1/2-1/2"]
[WhiteElo "2429"]
[BlackElo "2548"]
[PlyCount "88"]
[EventDate "2015.10.03"]
[EventType "swiss"]
[EventRounds "9"]
[EventCountry "IOM"]
[SourceTitle "twic1065-1099"]
[Source "Mark Crowther"]
[SourceDate "2015.12.04"]
[SourceVersion "1"]
[SourceVersionDate "2015.12.04"]
[SourceQuality "1"]

1. Nf3 d5 2. c4 c6 3. e3 Bg4 4. Qb3 Qc7 5. cxd5 cxd5 6. Bb5+ Bd7 7. Nc3 e6 8.
Bxd7+ Nxd7 9. d4 Ngf6 10. Bd2 Rc8 11. O-O Be7 12. Rac1 Qb8 13. Ne5 Nxe5 14.
dxe5 Nd7 15. e4 d4 16. Nb5 O-O 17. f4 Bc5 18. Qd3 a6 19. b4 axb5 20. Qxb5 Ba7
21. Qxd7 b5 22. f5 Rcd8 23. Qc7 d3+ 24. Kh1 Qxc7 25. Rxc7 Bd4 26. g4 exf5 27.
gxf5 Rfe8 28. Bg5 Ra8 29. e6 fxe6 30. Rd7 Be5 31. f6 gxf6 32. Bh6 f5 33. exf5
exf5 34. Rxf5 Re6 35. Rg5+ Kh8 36. Rxe5 Rxh6 37. Rxb5 Rha6 38. Rh5 Rxa2 39.
Rhxh7+ Kg8 40. Rhg7+ Kh8 41. Rh7+ Kg8 42. Rhg7+ Kh8 43. Rg1 d2 44. Rd4 R8a7
1/2-1/2

[Event "PokerStars Masters 2nd"]
[Site "Douglas"]
[Date "2015.10.08"]
[Round "6.19"]
[White "Koop, Thorben"]
[Black "Greenfeld, Alon"]
[Result "1/2-1/2"]
[WhiteElo "2407"]
[BlackElo "2534"]
[PlyCount "83"]
[EventDate "2015.10.03"]
[EventType "swiss"]
[EventRounds "9"]
[EventCountry "IOM"]
[SourceTitle "twic1065-1099"]
[Source "Mark Crowther"]
[SourceDate "2015.12.04"]
[SourceVersion "1"]
[SourceVersionDate "2015.12.04"]
[SourceQuality "1"]

1. d4 Nf6 2. c4 g6 3. Nc3 d5 4. Bf4 Bg7 5. e3 O-O 6. Nf3 Be6 7. Qb3 c5 8. Qxb7
dxc4 9. Rd1 Qa5 10. Qxa8 Qb6 11. d5 Bd7 12. Nd2 Qxb2 13. Qxa7 Qxc3 14. Qxc5 Rc8
15. Qd4 Qxd4 16. exd4 c3 17. Nb3 Nxd5 18. Be3 c2 19. Rc1 Nb4 20. Kd2 Bf5 21. a3
Na2 22. Bd3 Bxd3 23. Kxd3 Nxc1+ 24. Rxc1 Nd7 25. Rxc2 Ra8 26. Ra2 Ra4 27. Nc5
Nxc5+ 28. dxc5 Kf8 29. Kc2 f5 30. Kb3 Ra8 31. a4 Ke8 32. Kc4 Kd7 33. a5 Kc6 34.
a6 Ra7 35. f4 e5 36. Rd2 Bf8 37. Rd8 Be7 38. Re8 exf4 39. Bxf4 Rxa6 40. Rxe7
Ra4+ 41. Kd3 Rxf4 42. Rxh7 1/2-1/2

[Event "PokerStars Masters 2nd"]
[Site "Douglas"]
[Date "2015.10.08"]
[Round "6.20"]
[White "Merry, Alan B"]
[Black "Vishnu, Prasanna V"]
[Result "1-0"]
[WhiteElo "2335"]
[BlackElo "2503"]
[PlyCount "63"]
[EventDate "2015.10.03"]
[EventType "swiss"]
[EventRounds "9"]
[EventCountry "IOM"]
[SourceTitle "twic1065-1099"]
[Source "Mark Crowther"]
[SourceDate "2015.12.04"]
[SourceVersion "1"]
[SourceVersionDate "2015.12.04"]
[SourceQuality "1"]

1. e4 c5 2. Nf3 d6 3. Bb5+ Nd7 4. c3 Ngf6 5. Qe2 a6 6. Ba4 e5 7. O-O b5 8. Bc2
Be7 9. d4 O-O 10. Rd1 Qc7 11. d5 Rb8 12. b3 Ne8 13. a4 b4 14. cxb4 cxb4 15. Be3
Nc5 16. Rc1 g6 17. Bd3 a5 18. Nbd2 Ng7 19. Bxc5 dxc5 20. Ba6 Bd7 21. Bb5 Bc8
22. Nc4 f6 23. Ne1 h5 24. Nd3 Bb7 25. Rc2 Kh7 26. Rac1 Rbc8 27. Nd2 Qb6 28. Qe3
Ne8 29. Nxc5 Bxc5 30. Rxc5 Nd6 31. Rxc8 Qxe3 32. R8c7+ 1-0

[Event "PokerStars Masters 2nd"]
[Site "Douglas"]
[Date "2015.10.08"]
[Round "6.21"]
[White "Illingworth, Max"]
[Black "Klein, Felix"]
[Result "1-0"]
[WhiteElo "2517"]
[BlackElo "2306"]
[PlyCount "65"]
[EventDate "2015.10.03"]
[EventType "swiss"]
[EventRounds "9"]
[EventCountry "IOM"]
[SourceTitle "twic1065-1099"]
[Source "Mark Crowther"]
[SourceDate "2015.12.04"]
[SourceVersion "1"]
[SourceVersionDate "2015.12.04"]
[SourceQuality "1"]

1. Nf3 d5 2. e3 c6 3. c4 e6 4. b3 f5 5. Be2 Nf6 6. O-O Bd6 7. Ba3 Bxa3 8. Nxa3
Qe7 9. Qc1 e5 10. cxd5 Nxd5 11. d4 e4 12. Ne5 O-O 13. Nac4 Nd7 14. f3 Nxe5 15.
Nxe5 exf3 16. Bxf3 Be6 17. Qd2 a5 18. e4 fxe4 19. Bxe4 Qh4 20. Bf3 Qf4 21. Qb2
Rad8 22. Rfe1 Qh6 23. Rad1 Nf4 24. Qd2 c5 25. Qxa5 cxd4 26. Qb6 Qg5 27. Rxd4
Bd5 28. Rxd5 Nxd5 29. Bxd5+ Rxd5 30. Qe6+ Kh8 31. Nf7+ Rxf7 32. Qe8+ Rf8 33.
Qxf8# 1-0

[Event "PokerStars Masters 2nd"]
[Site "Douglas"]
[Date "2015.10.08"]
[Round "6.22"]
[White "Vaisser, Anatoli"]
[Black "Shvayger, Yuliya"]
[Result "1-0"]
[WhiteElo "2515"]
[BlackElo "2368"]
[PlyCount "98"]
[EventDate "2015.10.03"]
[EventType "swiss"]
[EventRounds "9"]
[EventCountry "IOM"]
[SourceTitle "twic1065-1099"]
[Source "Mark Crowther"]
[SourceDate "2015.12.04"]
[SourceVersion "1"]
[SourceVersionDate "2015.12.04"]
[SourceQuality "1"]

1. d4 Nf6 2. c4 e6 3. Nc3 Bb4 4. g3 O-O 5. Qb3 a5 6. Bg2 d6 7. Nf3 Qe8 8. O-O
Bxc3 9. Qxc3 Nc6 10. b3 a4 11. Ba3 b6 12. Nd2 Bb7 13. d5 Nb8 14. e4 e5 15. b4
c5 16. Rab1 Bc8 17. bxc5 bxc5 18. f4 Nbd7 19. Rfe1 Qd8 20. Nf3 Qa5 21. Qxa5
Rxa5 22. fxe5 dxe5 23. Rb5 Rxb5 24. cxb5 Bb7 25. Nd2 Rb8 26. Rc1 Ne8 27. Nc4
Bc8 28. Bh3 Rxb5 29. Bxd7 Bxd7 30. Nxe5 Bh3 31. Nd3 f6 32. Bxc5 Kf7 33. Kf2 Bd7
34. e5 Bf5 35. e6+ Kg8 36. Nb4 h5 37. a3 Nc7 38. e7 Kf7 39. d6 Ne8 40. Ke3 Ke6
41. Kd4 Bg6 42. Nd5 Kd7 43. Nc3 Rb2 44. Rd1 Rxh2 45. Nxa4 Kc6 46. Ke3 Bf5 47.
Bb4 Bg4 48. Rc1+ Kd5 49. Nb6+ Ke5 1-0

[Event "PokerStars Masters 2nd"]
[Site "Douglas"]
[Date "2015.10.08"]
[Round "6.23"]
[White "Arkell, Keith C"]
[Black "L'Ami, Alina"]
[Result "1-0"]
[WhiteElo "2505"]
[BlackElo "2369"]
[PlyCount "109"]
[EventDate "2015.10.03"]
[EventType "swiss"]
[EventRounds "9"]
[EventCountry "IOM"]
[SourceTitle "twic1065-1099"]
[Source "Mark Crowther"]
[SourceDate "2015.12.04"]
[SourceVersion "1"]
[SourceVersionDate "2015.12.04"]
[SourceQuality "1"]

1. Nf3 Nf6 2. c4 g6 3. Nc3 Bg7 4. d4 O-O 5. g3 d6 6. Bg2 c6 7. O-O Bf5 8. b3
Ne4 9. Bb2 Nxc3 10. Bxc3 Be4 11. Rc1 d5 12. e3 e6 13. Qe2 Nd7 14. Rfd1 f5 15.
Bf1 Bxf3 16. Qxf3 Nf6 17. Qe2 g5 18. cxd5 cxd5 19. Qb5 Rf7 20. Ba5 b6 21. Bb4
Bf8 22. Bxf8 Qxf8 23. Rc2 g4 24. Rdc1 Ne4 25. Rc7 Ng5 26. h4 gxh3 27. Qa6 h2+
28. Kh1 Rxc7 29. Rxc7 Ne4 30. Rc2 Qh6 31. Qe2 Kh8 32. Qf3 Nf6 33. Qf4 Qxf4 34.
exf4 Ng4 35. Bh3 Kg7 36. f3 Nf6 37. Rc7+ Kf8 38. Kxh2 h5 39. Bf1 Rd8 40. Bb5 a6
41. Bxa6 Ra8 42. Rc8+ Rxc8 43. Bxc8 Ke7 44. Kh3 Ne8 45. Ba6 Nc7 46. Bd3 Kf6 47.
Kh4 Kg6 48. a4 Kh6 49. b4 Kg6 50. g4 hxg4 51. fxg4 Kf6 52. g5+ Kg6 53. Be2 e5
54. dxe5 d4 55. a5 1-0

[Event "PokerStars Masters 2nd"]
[Site "Douglas"]
[Date "2015.10.08"]
[Round "6.24"]
[White "Arakhamia-Grant, Ketevan"]
[Black "Gormally, Daniel"]
[Result "0-1"]
[WhiteElo "2363"]
[BlackElo "2500"]
[PlyCount "70"]
[EventDate "2015.10.03"]
[EventType "swiss"]
[EventRounds "9"]
[EventCountry "IOM"]
[SourceTitle "twic1065-1099"]
[Source "Mark Crowther"]
[SourceDate "2015.12.04"]
[SourceVersion "1"]
[SourceVersionDate "2015.12.04"]
[SourceQuality "1"]

1. e4 c5 2. Nf3 d6 3. Bb5+ Nd7 4. O-O Ngf6 5. Re1 a6 6. Bf1 b6 7. d4 cxd4 8.
Nxd4 Bb7 9. f3 b5 10. a4 bxa4 11. Rxa4 e6 12. Nc3 Be7 13. Be3 Nc5 14. Ra2 Qc7
15. Qd2 O-O 16. Rea1 Rfc8 17. Ra5 Bf8 18. Qf2 Rab8 19. Kh1 d5 20. exd5 Nxd5 21.
Nxd5 Bxd5 22. b3 Bb7 23. Bc4 Bd6 24. Qh4 Be7 25. Qe1 Bd6 26. Qh4 Be7 27. Qe1
Bd6 28. Qd2 Rd8 29. Qf2 Rbc8 30. Qh4 Be7 31. Qg4 Bf6 32. c3 Nxb3 33. Bxb3 Qxc3
34. Nxe6 Qxe3 35. Nxd8 Rc1+ 0-1